000 00320nam a22001337a 4500
008 170623b xxu||||| |||| 00| 0 eng d
020 _a9780374292881
041 _aeng
080 _a94(100)
100 _a18
101 _aSHH
245 _aTHE WORLD IS FLAT A BRIEF HISTORY
_cFRIEDMAN.TH.L
942 _2udc
_cBK
999 _c19062
_d19062